| 000 | 01051na a2200313 4500 | ||
|---|---|---|---|
| 001 | 13799 | ||
| 003 | MIRAKIL | ||
| 005 | 20181213155027.0 | ||
| 008 | 161003b tu 000 0 | ||
| 020 | _a9786051051048 | ||
| 035 | _a13799 | ||
| 040 |
_aMilas _btur _cTR-AnCHP |
||
| 041 | _atur | ||
| 082 |
_a922.96 Eskenazi,V. _bE74y 2012 |
||
| 090 | _a922.96 Eskenazi,V. E74y 2012 | ||
| 100 | _aEskenazi, Victor | ||
| 245 |
_aYolculuk için teşekkürler _bBir İstanbul musevisinin anıları: 1906-1981 _cVictor Eskenazi ; çeviren Tunç Tayanç |
||
| 246 | _aBir İstanbul musevisinin anıları: 1906-1981 | ||
| 260 |
_aİstanbul _bKitap Yayınevi _c2012 |
||
| 300 |
_a141 s. _c21 sm. |
||
| 440 |
_aKitap Yayınevi _v272 |
||
| 490 |
_aAnı ve yaşam dizisi _v22 |
||
| 500 | _aÖzgün yapıt adı : Grazie per la gita in calesse | ||
| 600 |
_aEskenazi, Victor _d1906-1981 _xAnılar |
||
| 650 |
_aYahudiler _xYaşamöyküsü _zTürkiye _zİstanbul |
||
| 650 |
_aİstanbul musevileri _xAnılar |
||
| 700 | _aTayanç, Tunç | ||
| 942 |
_2ddc _cBKS |
||
| 999 |
_c5104 _d5104 |
||